000 02283nab a2200265 ab4500
005 20260205120037.0
008 251016c2025 cl tr p#o# #00| spa d
003
040 _aMX-MxUPN
_bspa
_cMX-MxUPN
_eaacr2
100 1 _aDuque Parra, Juan Pablo
_958668
100 1 _aSantes Ortega, Alejandro Said
_958669
245 1 _aNarrativas de riesgo, confianza y responsabilidad en el uso de Inteligencia Artificial Generativa (IAg) :
_bestudio de caso en jóvenes estudiantes mexicanos
_h[recurso electrónico en línea]
506 0 _aAcceso abierto
520 3 _aLa individualización social se intensifica con el uso de la tecnología. Según la sociología contemporánea (Beck, Luhmann y Giddens), los individuos tienden a reflexionar más sobre la responsabilidad de sus decisiones, ya que deben enfrentar los riesgos sociales, ambientales, económicos, políticos, jurídicos y, ahora, también tecnológicos a un nivel propio, lo que provoca que su confianza entre en crisis constantemente. Este trabajo se pregunta por cómo los jóvenes estudiantes asumen su individualización frente a la Inteligencia Artificial Generativa (IAg) en tres ejes analíticos: riesgo (Beck), confianza (Luhmann) y responsabilidad (Giddens). Para ello, se realizaron 220 cuestionarios cualitativos y 10 entrevistas semiestructuradas a estudiantes mexicanos (18-24 años) de universidades y preparatorias públicas y privadas de la Ciudad de México. A la información obtenida se le realizó un análisis de contenido temático que arrojó tres conclusiones: 1) la dependencia y pérdida de autonomía como riesgos mayores; 2) la desconfianza a la IA como nuevo sistema de certidumbre y 3) la responsabilidad ante la IAg como pacto social.
_cPsicoperspectivas.
650 2 _aInteligencia artificial
_95343
653 0 _aInteligencia artificial generativa
650 2 _aConfianza
_926024
650 2 _aResponsabilidad
_91398
653 4 _aRiesgo
773 _gVol. 24, no. 2, (2025), p. 1-15
_tPsicoperspectivas : individuo y sociedad
_x0718-6924
856 4 _uhttps://www.psicoperspectivas.cl/index.php/psicoperspectivas/article/view/3437
856 4 _uhttps://www.psicoperspectivas.cl/index.php/psicoperspectivas/article/view/3437/2032
902 _aLeonor Sotres/050226
942 _cART-E
999 _c214580
_d214580